00574nam a2200205Ia 4500003000400000005001700004008004100021020001500062040001800077041000800095082002100103100001900124245008700143250001200230260003800242300003100280650002500311650001800336700001400354OSt20250204094925.0210716s1987 xx 000 0 und d a0394559282 cAIMIT LIBRARY aeng a951.05 21bXINZ aXinxin, Zhang. aChinese lives:boral history of contemporary China /cBy Zhang Xinxin and Sang Ye. a1st ed. aNew York :bRandom House ;c1987. axxxii; 367p. ;bPBc24 cm. aCrime and punishment aShow business aYe, Sang.